000 00409nam a2200145Ia 4500
008 151021s9999 xx 000 0 und d
020 _a9.7807506795e+012
050 _aTK545103.C1875 2006
245 _a_Cognitive radio Technology
260 _aIndia Elsevier 2009
300 _axxi,622p.;ill.
500 _aincludes index
650 _a_communication Engineering
980 _a^d20110106 10:48:34^oanne
999 _c5791
_d5791